Normal view
MARC view
- English drama -- Restoration (1650-1700) -- Collections
Entry Topical Term
001 - CONTROL NUMBER
- control field: 5426
003 - CONTROL NUMBER IDENTIFIER
- control field: JO-AjAnu
005 - DATE AND TIME OF LATEST TRANSACTION
- control field: 20230606071200.0
008 - FIXED-LENGTH DATA ELEMENTS
- fixed length control field: 230606|| aca||aabn | a|a d
040 ## - CATALOGING SOURCE
- Original cataloging agency: JO-AjAnu
- Transcribing agency: JO-AjAnu
150 ## - HEADING--TOPICAL TERM
- Topical term or geographic name entry element: English drama -- Restoration (1650-1700) -- Collections
670 ## - SOURCE DATA FOUND
- Source citation: Work cat.: (JO-AjAnu)2799: Lawrence , Robert G, author 5425, Restoration plays